000 00527nam a2200193Ia 4500
003 GCL
008 140319s9999 xx 000 0 aFre d
040 _aGCL /
_cGCL
082 0 4 _aCC
_b962.02
_bA C
100 1 _aAYMAN FUAD SAYYID
245 1 0 _aLA CAPITALE DE L'EGYPTE JUSQU'A L'EPOQUE FATIMIDE /
_cAYMAN FUAD SAYYID
260 _aالمانيا :
_bSTEINER VERLAG
300 _a28 CM ؛
_c714 P
650 0 4 _aEGYPT
650 0 4 _aFATIMIDES
650 0 4 _aCALIPHS
650 0 4 _aEGYPT - HISTORY - 640 - 1250
942 _2ddc
_cBK
999 _c714
_d714